| 000 | 00680nam a2200193 i 4500 | ||
|---|---|---|---|
| 001 | 131467 | ||
| 003 | ES-MaACL | ||
| 005 | 20251004063152.0 | ||
| 007 | t| | ||
| 008 | 070214s1950 it |||| | spa d | ||
| 100 | 1 |
_aRodríguez Demorizi, Emilio, _d1908-1986 _998490 |
|
| 245 | 1 | 0 |
_aRefranero dominicano / _cEmilio Rodríguez Demorizi ; prólogo de M. de J. Troncoso de la Concha. |
| 260 |
_aRoma : _b[s. n.], _c1950 ( _fTip. G. Menaglia) |
||
| 300 |
_a274 p. ; _c21 cm. |
||
| 650 | 4 |
_aRefranes y proverbios- _zRepública Dominicana. _9169292 |
|
| 700 | 1 |
_aTroncoso de la Concha, M. de J., _d1878-1955 _9111504 |
|
| 852 |
_aES-MaACL _jD-6047 |
||
| 999 |
_c131467 _d131467 |
||